000 00460nam a2200145 i 4500
001 23138
003 ES-MaACL
007 t|
008 021209s1982 sp ||||1| spa d
100 1 _aAlvargonzález Cruz, Rafael.
_921012
245 1 0 _aGeneración de energía en el medio rural /
_cRafael Alvargonzález.
260 _aMadrid :
_bInstituto Nacional de Investigaciones Agrarias,
_c1982.
300 _a143 p. ;
_c24 cm.
852 _aES-MaACL
_jL-3832
_bR.104125
999 _c23138
_d23138